LEADER 01460nam a2200349 a 4500 001 000000163242 003 CaOOAMICUS 005 20171009110002.0 008 171009s2017 it u000 u ita r 020 $a978-88-9317-393-3* 032 $aLibriCat 040 $aPUL$bita 082 04$a348.45 110 1 $aItalia.$0(OLS)http://pul/name/1188 240 10$aCodice di procedura penale (2017).$0(OLS)http://pul/title/198397 245 10$aCodice penale e leggi complementari /$ca cura di Luigi Alibrandi. 250 $a37. ed. 260 $aPiacenza :$bLa Tribuna,$c©2017. 300 $a1194 p. ;$c19 cm. 490 1 $aI codici vigenti 2017 500 $aSulla coperta: Aggiornato con la Riforma della giustizia penale (L. 23/6/2017, n. 103). 630 04$aCodice penale$zItalia.$0(OLS)http://pul/subject/12325 700 1 $aAlibrandi, Luigi.$0(OLS)http://pul/name/45474 830 0$aCodici vigenti 2017.$0(OLS)http://pul/title/197720 850 $aPUL 852 $aPUL$W1$xDP2 Diritto e Scienze Sociali 3$y110$m348. 45 COD 3.1.104$j187295$qDDC 21$B190458$CPULBib$Z2$F190458 $H130122 $81 941 1 $a9 996 $6020$a978-88-9317-393-3*$9(OLS)http://pul/number/163195 996 $6082$a348.45$9(OLS)http://pul/classification/373 996 $6245$aCodice penale e leggi complementari$9(OLS)http://pul/title/145633 996 $6260$aPiacenza :$bLa Tribuna$9(OLS)http://pul/publisher/69734 LEADER 01624nam a2200337 a 4500 001 000000165785 003 CaOOAMICUS 005 20180208105800.0 008 180208m20169999gw d b u000 u ger r 020 $a978-3-451-23732-4 (v. 1)* 032 $aLibriCat 040 $aPUL$bita 041 1 $ager$alat$hlat$aeng$heng$afre$hfre$aita$hita$aspa$hspa 100 1 $aRahner, Karl,$cS.I.,$d1904-1984.$0(OLS)http://pul/name/3587 245 10$aErgänzungen /$cKarl Rahner ; Bearbeitet von Albert Raffelt. 260 $aFreiburg ;$aBasel ;$aWien :$bHerder,$c©2016. 300 $aXXVI, 573 p. :$bgrafici ;$c24 cm. 490 1 $aSämtliche Werke ;$v32.1 504 $aInclude riferimenti bibliografici. 546 $aTesto in tedesco; documenti in inglese, spagnolo, latino, italiano e francese con traduzione tedesca su due colonne. 700 1 $aBatlogg, Andreas R.,$cs.j.,$d1962-$0(OLS)http://pul/name/50336 800 1 $aRahner, Karl,$cS.I.,$d1904-1984.$tOpera omnia ;$v32.1.$0(OLS)http://pul/nameTitle/1412$0(OLS)http://pul/name/3587$0(OLS)http://pul/title/2415 830 0$aKarl Rahner Sämtliche Werke ;$v32.1.$0(OLS)http://pul/title/205455 850 $aPUL 852 $aPUL$W1$xSL Religione 1$y3$m56 P 32.1$j190174$bv. 1$qStampati$B193149$CPULBib$Z2$F193149 $H130463 $81 941 1 $a8 983 0$aSämtliche Werke / Rahner, Karl. 996 $6020$a978-3-451-23732-4 (v. 1)*$9(OLS)http://pul/number/163416 996 $6245$aErgänzungen$9(OLS)http://pul/title/205476 996 $6260$aFreiburg ;$aBasel ;$aWien :$bHerder$9(OLS)http://pul/publisher/48104 LEADER 01234nam a2200265 a 4500 001 000000160309 003 CaOOAMICUS 005 20170426141132.0 008 170426s1969 sp f m 001 u spa r 032 $aLibriCat 040 $aPUL$bita 100 1 $aLaboa, Juan María,$d1939-$0(OLS)http://pul/name/32425 245 10$aRodrigo Sánchez de Arévalo, alcaide de Sant'Angelo / $cJuan María Laboa. 260 $aBarcelona :$b[s.n.],$c1969. 300 $a52 p. ; $c25 cm. 502 $aEstratto di Tesi -- Pontificia Universitas Gregoriana. Facultas Histaoriae Ecclesiasticae.1968. 504 $aBibliografia in nota a pič pagina. 600 14$aSanchez de Arévalo, Rodrigo,$cvesc.,$d1404-1470.$0(OLS)http://pul/subject/15402 710 2 $aPontificia Universitŕ Gregoriana.$bFacoltŕ di storia ecclesiastica.$kTesi.$0(OLS)http://pul/name/11264 850 $aPUL 852 $aPUL$W1$xDP1 Tesi Pon. Univ. Gregoriana$y40$mTH PUG 1981$j183913$qTesi$B187121$CPULBib$Z2$F187121 $H31726 $82 941 1 $a16 996 $6245$aRodrigo Sánchez de Arévalo, alcaide de Sant'Angelo / $9(OLS)http://pul/title/199959 996 $6260$aBarcelona :$b[s.n.]$9(OLS)http://pul/publisher/61837